000 00429nmm a2200157Ia 4500
008 251105s9999||||xx |||||||||||||||||und||
020 _a9788498383775
041 _aspa
100 _aMurgia, Michela
245 0 _aLa acabadora
264 _a[Madrid, España] :
_bEdiciones Salamandra,
_c2012
300 _a192 páginas
650 _aOther narratives
856 _uhttps://public.digitaliapublishing.com/a/48078
942 _cCF
999 _c91695
_d91695